000 00666nam a2200229Ia 4500
003 OSt
005 20220923230155.0
006 a|||||r|||| 00| 0
007 ta
008 220922b |||||||| |||| 00| 0 mar d
024 _a278,028
037 _cTextual
040 _aARTS
_cARTS
_bmar
041 _2mar
_amar
082 _aLB:4:6, 155K1
100 _aनिपुणगे, सावित्रीदेवी
_9156854
245 0 _aघरचा वैद्य
246 _aGharachā vaidya
260 _c1961
942 _hLB:4:6, 155K1
_cTEXL
_2CC
999 _c383026
_d383026